Simple school experiments based in ICT in science and technology education

Podpora informačných a komunikačných technológií. Prepojenie pokusu s inou dimenziou v podobe videozáznamu a multimediálnych aplikácií ako vzdelávacieho nástroja. Jednoduchý školský experiment a jeho význam.

Gespeichert in:
Bibliographische Detailangaben
1. Verfasser: Trna, Josef
Format: Buchkapitel
Sprache:Englisch
Schlagworte:
Tags: Tag hinzufügen
Keine Tags, Fügen Sie das erste Tag hinzu!

MARC

LEADER 00000naa a2200000 4500
001 0134376
005 20231010125520.9
041 0 |a eng 
044 |a SK 
245 1 0 |a Simple school experiments based in ICT in science and technology education  |c Josef Trna 
520 |a Podpora informačných a komunikačných technológií. Prepojenie pokusu s inou dimenziou v podobe videozáznamu a multimediálnych aplikácií ako vzdelávacieho nástroja. Jednoduchý školský experiment a jeho význam. 
610 2 0 |a školstvo 
610 2 0 |a školy 
610 2 0 |a vzdelávanie 
610 2 0 |a študenti 
610 2 0 |a učitelia 
610 2 0 |a veda 
610 2 0 |a technika 
610 2 0 |a multimédiá 
610 2 0 |a technológie informačné 
610 2 0 |a technológie komunikačné 
610 2 0 |a experimenty 
100 1 |a Trna, Josef